00798nam a2200217Ia 4500003000900000008004100009020002200050040001600072080002800088100002700116245007300143260005300216300001000269650002700279650003800306650003500344700003300379942000700412999001700419952014400436IN-BaIIA211028s9999 xx 000 0 eng d a978-1-938228-80-3 cIIA Library a(084.4)"20":523.34bWOO aWood, Charles A936031 0a21st century atlas of the mooncCharles A. Wood and M. J. S. Collins aMorgantownbWest Virginia University Pressc2013 a111p. aMoon -- Atlases936032 aMoon -- Observers' manuals936033 aMoon -- Pictorial works936034 aCollins, Maurice J. S936035 cBK c18849d18849 00104070aBANbBANcGENd2014-02-14eBBI g1881.00l0o(084.4)"20":523.34/ WOOp19771r2021-11-05v1881.00w2014-02-14yBKGRs. 1881.00